Normale Ansicht MARC-Ansicht ISBD

Nationalitätenprobleme und Minderheitenkonflikte in Osteuropa : (Titelsatznr. 27768)

[ MARC ]
MARC-Details
000 -Satzkennung
Kontrollfeld mit fester Länge 00672nam a22002291c 4500
001 - Kontrollnummer
Kontrollfeld a987688207
008 - Feld mit fester Länge zur physischen Beschreibung - Allgemeine Angaben
Kontrollfeld mit fester Länge 170901s1996 gw |||| 000u ger d
020 ## - Internationale Standardbuchnummer
Internationale Standardbuchnummer 3892048002
Verknüpfung 3-89204-800-2
041 ## - Sprachcode
Sprachcode des Textes/der Tonspur oder des separaten Titels ger
040 ## - Katalogisierungsquelle
Übertragungsstelle RU-10907106
003 - Kontrollnummer Identifier
Kontrollfeld RU-10907106
100 1# - Haupteintragung - Personenname
Personenname Brunner, Georg
245 00 - Titel
Titel Nationalitätenprobleme und Minderheitenkonflikte in Osteuropa :
Zusatz zum Titel Strategien für Europa
250 ## - Ausgabebezeichnung
Ausgabebezeichnung Aktualisierte und vollst. überarb. Fassung
264 ## - Produktion, Veröffentlichung, Distribution, Herstellung und Urheberrechtsvermerk
Herstellungs-, Veröffentlichungs- Vertriebs-, Erzeugungsort Gütersloh :
Produzent, Herausgeber, Distributor, Hersteller Verl. Bertelsmann-Stiftung,
Datum der Herstellung, der Veröffentlichung, des Vertriebs oder des Urheberschutzvermerks 1996
300 ## - Physische Beschreibung
Umfang 212 S.
650 #0 - Nebeneintragung unter einem Schlagwort - Sachschlagwort
Sachschlagwort oder geografischer Name als Eintragungselement Nationalitätenfrage
650 #0 - Nebeneintragung unter einem Schlagwort - Sachschlagwort
Sachschlagwort oder geografischer Name als Eintragungselement Minderheitenfrage
651 #0 - Nebeneintragung unter einem Schlagwort - Geografischer Name
Geografischer Name Osteuropa
651 #0 - Nebeneintragung unter einem Schlagwort - Geografischer Name
Geografischer Name Sowjetunion
942 ## - Zusätzliche Felder (Koha)
Koha-Medientyp Monographien
Exemplare
Ausgeschieden Verloren Klassifikation oder Aufstellungssystematik Beschädigt Nicht entleihbar Heimatbibliothek Aufenthaltsbibliothek Aufstellungsort Erwerbungsdatum Inventarnummer Signatur Barcode Letzte Aktivität Preis gültig von Koha-Medientyp
    Andere/Generische Klassifikation     MWN Osteuropa MWN Osteuropa Magazin - 2 01/09/2017 17-03785 Ersatzß R 64 o 1 E0040150790246BD 23/02/2021 22/03/2021 Monographien